| 000 | 00523nam a22002057a 4500 | ||
|---|---|---|---|
| 003 | OSt | ||
| 005 | 20160425181930.0 | ||
| 008 | 151027b xxu||||| |||| 00| 0 eng d | ||
| 020 | _a9788122424089 | ||
| 040 | _cDDC | ||
| 082 | _a541.28 PRA 2010 | ||
| 100 |
_aPrasad, R.K. _95911 |
||
| 245 | _aQuantum chemistry | ||
| 250 | _a4th rev' ed. | ||
| 260 |
_aNew Delhi; _bNew Age, _c2010 |
||
| 300 |
_axx,566p; _bill: _c24cm |
||
| 504 | _aAppendices, & index included | ||
| 650 |
_aQuantum chemistry _93790 |
||
| 942 |
_2z _cO_SHELF |
||
| 999 |
_c2362 _d2362 |
||